| 000 | 00416 a2200169 4500 | ||
|---|---|---|---|
| 001 | 68227 | ||
| 020 | _a8471434210 | ||
| 040 | _cAnchieta - Pituba | ||
| 100 | _aRubio Moraiz, Paloma | ||
| 240 | 1 | 0 |
_aVerbos españoles conjugados _lspa |
| 245 | 1 | 0 | _aVerbos españoles conjugados |
| 300 | _a229 | ||
| 362 | 0 | _a1990 | |
| 440 | 1 | _aSociedad General Española De Libreria | |
| 650 | 4 | _aLíngua espanhola | |
| 942 | _cBK | ||
| 999 |
_c68227 _d68227 |
||